Fundamentals of cell biology (Record no. 396804)

MARC details
000 -LEADER
fixed length control field 00518 a2200205 4500
005 - DATE & TIME
control field 20260218115801.0
008 - FIXED-LENGTH DATA ELEMENTS--GENERAL INFORMATION
fixed length control field 260218b |||||||| |||| 00| 0 eng d
020 ## - ISBN
International Standard Book Number 9788180303678
Price Rs. 1995.00
040 ## - CATALOGING SOURCE
Original cataloging agency VIVEKANANDA LIBRARY
082 ## - DDC NUMBER
Classification number 574.87
Book Number S64F
100 ## - MAIN ENTRY--PERSONAL NAME
Personal name S K Singh
245 ## - TITLE STATEMENT
Title Fundamentals of cell biology
260 ## - PUBLICATION, DISTRIBUTION, ETC. (IMPRINT)
Name of publisher, distributor, etc Campus Books International
Date of publication, distribution, etc 2024
Place of publication, distribution, etc New Delhi
300 ## - PHYSICAL DESCRIPTION
Pages 402
650 ## - Subject
Subject Cell Genetics
650 ## - Subject
Subject Molecular Biology
650 ## - Subject
Subject Cell Study
650 ## - Subject
Subject Genetics
942 ## - ADDED ENTRY ELEMENTS (KOHA)
Koha item type Books
Holdings
Withdrawn status Lost status Source of classification or shelving scheme Damaged status Not for loan Location (home branch) Sublocation or collection (holding branch) Shelving location Date acquired Koha issues (times borrowed) Koha full call number Accession No. Koha date last seen Koha item type
    Dewey Decimal Classification     VIVEKANANDA LIBRARY VIVEKANANDA LIBRARY Vivekananda Library 04/02/2026   574.87 S64F 438094 04/02/2026 Books
    Dewey Decimal Classification     VIVEKANANDA LIBRARY VIVEKANANDA LIBRARY Vivekananda Library 04/02/2026   574.87 S64F 438093 04/02/2026 Books
© Designed and Maintained by Vivekananda Library, MDU Rohtak